<?xml version="1.0" encoding="UTF-8"?>
<collection xmlns="http://www.loc.gov/MARC21/slim">
 <record>
  <leader>00404pamaa2200145   4500</leader>
  <controlfield tag="001">0000022407</controlfield>
  <controlfield tag="005">20090814090000.0</controlfield>
  <datafield tag="020" ind1="0" ind2="0">
   <subfield code="a">0333677978 </subfield>
  </datafield>
  <datafield tag="082" ind1=" " ind2=" ">
   <subfield code="a">364.1523 COL</subfield>
  </datafield>
  <datafield tag="090" ind1="0" ind2="0">
   <subfield code="a">HV6785 </subfield>
   <subfield code="b">COL 1997</subfield>
  </datafield>
  <datafield tag="100" ind1="1" ind2="0">
   <subfield code="a">Collins </subfield>
  </datafield>
  <datafield tag="245" ind1="1" ind2="0">
   <subfield code="a">Autobiography of a murderer  </subfield>
   <subfield code="c">Hugh Collins.</subfield>
  </datafield>
  <datafield tag="260" ind1="0" ind2="0">
   <subfield code="a">London : Macmillan, 1997.</subfield>
  </datafield>
  <datafield tag="300" ind1=" " ind2=" ">
   <subfield code="a">201 p. : ill. ; 24 cm..</subfield>
  </datafield>
  <datafield tag="650" ind1="0" ind2="0">
   <subfield code="a">Murders -- </subfield>
   <subfield code="x">Biography -- </subfield>
   <subfield code="z">Scotland -- </subfield>
   <subfield code="z">Glasgow </subfield>
  </datafield>
 </record>
</collection>
